000 02547nam a22003497a 4500
999 _c21875
_d21875
003 AR-CdUCM
008 190425b ||||| |||| 00| 0 spa d
040 _aMUNICIPALIDAD PROVINCIAL DEL CUSCO
_cBIBLIOTECA MUNICIPAL DEL CUSCO
082 _aRev.AHC/N°3/1952
110 _aArchivo Regional del Cusco
_946600
245 _aRevista del Archivo Histórico del Cuzco /
_cUniversidad Nacional del Cuzco
260 _aCusco :
_bH.G. Rozas,
_c1952.
300 _a430 páginas. :
_bilustraciones ;
_c21 cm.
440 _aRevista del Archivo Histórico.
_nAño III, 1952, N°3.
_946602
505 _aContenido: Documentos relacionados con encomenderos Instrucción para los sacerdotes que se ocuparen de la conversión de los indios del Perú, hecha por Fray Diego de Porras. -- Encomiendas de indios. -- Reparos puestos por el Virrey del Perú don Luis de Velasco sobre la sucesión de los indios encomendados en los hijos de los conquistadores. -- Queja de indígenas. -- Azotado por adivino. -- Comercio de documentos históricos. -- Arte cuzqueño (Segunda mitad del siglo XVII). -- Escudos de la Universidad del Cuzco. -- Papeles del Brigadier Pumacahua. -- Juramento de la Constitución de 1812. -- Abogados suspendidos del ejercicio de su profesión por hallarse complicados en la Revolución de 1814. -- Bernardino Tapia, un prócer olvidado. -- Recepción de otro archivo. -- De la vida colonial 102 escrituras y datos diversos. -- Los once millones de los jesuitas. -- Defensa de esclavo. -- Abolición de la esclavitud. -- Funerales por la muerte del Libertador Bolívar. -- Residencia del Mariscal Gamarra. -- Pasaje del río Apurímac. -- Grados conferidos por la Universidad del Cuzco. -- Documentos referentes a la Revolución de 1809 en La Paz. -- Unos oficios del Mariscal Gamarra. -- Archivo del Colegio Nacional de Educandas. -- Archivo del Colegio Nacional de Ciencias (continuación).
650 _aConstitución 1812
_946007
650 _aDocumentos históricos
_91122
650 _aPatrimonio documental
_944090
650 _aHistoria del Cusco
_91714
650 _aSimón Bolívar
_91694
650 _aLevantamientos andinos
_944095
650 _aMateo Pumacahua
_945788
650 _aÉpoca colonial
_946611
650 _aArchivo del Colegio Ciencias
_946612
650 _aArchivo del Colegio Educandas
_946613
650 _aArte colonial
_913403
650 _aArte cusqueño
_913165
700 _aCornejo Bouroncle, Jorge
_915278
700 _aCovarrubias Pozo, Jesús
_946044
942 _2ddc
_cPP
945 _arac